| 000 | 00533 a2200205 4500 | ||
|---|---|---|---|
| 005 | 20250505115825.0 | ||
| 008 | 250505b |||||||| |||| 00| 0 eng d | ||
| 020 |
_a9789395039734 _cRs. 695.00 |
||
| 040 | _aMAIN | ||
| 082 |
_a612 _bP272M |
||
| 100 | _aPatel, Pushpendra | ||
| 245 | _aMCQs in human anatomy and physiology | ||
| 260 |
_bPharmaMed Press _c2023 _aHyderabad |
||
| 300 | _aviii, 586 | ||
| 650 | _aHuman Anatomy | ||
| 650 | _aPhysiology | ||
| 700 | _aJanghel, Vanadana | ||
| 700 | _aParate, Kavita | ||
| 942 | _cBK | ||
| 999 |
_c360896 _d360896 |
||